|
|
|
|
| LEADER |
00000cam a2200000 7i4500 |
| 001 |
0000002339 |
| 005 |
20030528.0 |
| 020 |
0 |
0 |
|a 9061915457
|
| 090 |
0 |
0 |
|a 333.332
|b SEM 1984
|
| 110 |
1 |
0 |
|a SEMINAR on Soil Survey and Land Evaluation
|k 1983
|j Wageningen, Netherlands
|
| 245 |
1 |
0 |
|a Progress in land evaluation :
|b proceedings of a Seminar on Soil Survey and Land Evaluation, Wageningen, Netherlands, 26-29 September, 1983
|c edited by J.C.F.M. Haans & G.G.L. Steur, G. Heide
|
| 260 |
0 |
0 |
|a Rotterdam; Boston :
|b A.A. Balkema ,
|c 1984
|
| 300 |
|
|
|a viii, 309 p. :
|b ill. ;
|c 25 cm.
|
| 500 |
0 |
0 |
|a Includes bibliographies
|
| 650 |
0 |
0 |
|a Land capability for agriculture
|z European Economic Community countries
|x Congresses
|
| 650 |
0 |
0 |
|a Land use, Rural
|x European Economic Community countries--Planning--Congresses.
|
| 650 |
0 |
0 |
|a Soils
|z European Economic Community countries
|x Classification
|x Congresses
|
| 700 |
0 |
1 |
|a Haans
|h J. C. F. M.
|
| 700 |
0 |
1 |
|a Heide
|h G.
|
| 700 |
0 |
1 |
|a Steur
|h G. G. L.
|
| 998 |
|
|
|a JPSM
|
| 999 |
|
|
|a 0000004147
|b Monograph
|c Open Shelf
|e Default branch
|